American History Facts (Nichole) - Statistics

General Stats
  • This quiz has been taken 14 times
  • The average score is 10 of 15
Answer Stats
Hint Answer % Correct
US President during most of WWII Franklin Roosevelt
100%
Naval base attacked by the Japanese on December 7, 1941 Pearl Harbor
100%
President when the US purchased Louisiana from France Thomas Jefferson
92%
The name of the scandal that forced Richard Nixon to resign Watergate
92%
President who signed the Affordable Care Act into law Barack Obama
85%
President when the Berlin Wall fell George H Bush
85%
Led the American forces at the Battle of Yorktown George Washington
85%
President when Al-Qaeda terrorist attacks occurred on 9/11/2001 George W Bush
85%
Assassinated Abraham Lincoln John Wilkes Booth
85%
President when the Indian Removal Act became law Andrew Jackson
69%
Sitting Bull's forces defeated George Armstrong Custer at this battle Little Big Horn
62%
This Amendment to the Constitution granted women the right to vote 19th
46%
President during the Mexican-American War James Polk
46%
First powered flight by the Wright Brothers took place here Kitty Hawk, NC
15%
Supreme Court decision which integrated public schools Brown v. the Board of Ed
0%
No matching quizzes found
Score Distribution
Percent of People with Each Score
Percentile by Number Answered
Your Score History
You have not taken this quiz